| 000 | 00606nam a2200181 a 4500 | ||
|---|---|---|---|
| 001 | 000036282 | ||
| 005 | 20200930075639.0 | ||
| 008 | 120112s1988 sp a 000 0 spa d | ||
| 020 | _a8475921949 | ||
| 040 |
_aDO-SdBNP _bspa _cBNPHU |
||
| 100 | 1 |
_aKershaw, Betty _962402 |
|
| 245 | 1 | 0 |
_aModelos de enfermería / _cBetty Kershaw, Jane Salvage ; traducción de la edición original Ma. Teresa Luis. |
| 260 |
_aBarcelona : _bEdiciones Doyma, _c1988. |
||
| 300 |
_axiv, 129 p. : _bil. ; _c22 cm. |
||
| 650 | 2 | 4 |
_aEnfermería _92342 |
| 700 | 1 |
_aSalvage, Jane _962403 |
|
| 700 | 1 |
_aLuis, María Teresa, _etrad. _962404 |
|
| 999 |
_c35773 _d35773 |
||